| 000 | 00560 a2200157 4500 | ||
|---|---|---|---|
| 020 | _a9781587142710 | ||
| 082 | _a005.8 | ||
| 090 |
_c7243 _d7243 |
||
| 100 | _aHucaby, Dave | ||
| 245 |
_aCCNP security firewall 642-618 official certification guide :Cisco Certified Network Professional security firewall 642-618 official certification guide with cd _cDave Hucaby |
||
| 260 |
_aUSA _bPearson education _c2012 |
||
| 300 | _a812 p. | ||
| 650 | _aElectronic data processing personnel--Certification--Study guides. | ||
| 700 | _aDave Hucaby | ||
| 942 |
_cBK _k005.8 HUC |
||
| 999 |
_c11046 _d11046 |
||